Die Vertretung beim Rechtsgeschäft.

Saved in:
Bibliographic Details
Main Author: Müller-Freienfels, Wolfram.
Format: Book
Language:German
Published: Tübingen, Mohr, 1955.
Subjects:
Tags: Add Tag
No Tags, Be the first to tag this record!
LEADER 00484nam a2200181I 4500
001 005143473-3
005 20020606095253.2
008 770622s1955 gw 000 0 ger
010 |a  57045853  
035 0 |a ocm03059959 
040 |a DLC  |c FUB  |d HVL 
100 2 |a Müller-Freienfels, Wolfram. 
245 1 4 |a Die Vertretung beim Rechtsgeschäft. 
260 |a Tübingen,  |b Mohr,  |c 1955. 
300 |a xxi, 432 p.  |c 24 cm. 
650 0 |a Agency (Law)  |z Germany (West) 
988 |a 20020608 
906 |0 DLC